Chuyện chán phèo : Tuyển tập truyện trào phúng
Tập truyện là một tuyển tập những câu chuyện trào phúng được tác giả sáng tác trong vòng 30 năm qua. Truyện tuy có cũ và mới, nhưng những giá tri hiện thực thì vẫn còn tươi mới. Ta có thể gặp đâu đó những mẫu chuyện rất gần trong cuo...
Enregistré dans:
| Auteur principal: | |
|---|---|
| Format: | Livre |
| Langue: | Undetermined |
| Publié: |
Thành phố Hồ Chí Minh
Trẻ
2011
|
| Sujets: | |
| Tags: |
Ajouter un tag
Pas de tags, Soyez le premier à ajouter un tag!
|
| Thư viện lưu trữ: | Trung tâm Học liệu Trường Đại học Cần Thơ |
|---|
| LEADER | 01180nam a2200229Ia 4500 | ||
|---|---|---|---|
| 001 | CTU_180894 | ||
| 008 | 210402s9999 xx 000 0 und d | ||
| 020 | |c 70000 | ||
| 082 | |a 895.922802 | ||
| 082 | |b Ngh301 | ||
| 100 | |a Lê, Văn Nghĩa | ||
| 245 | 0 | |a Chuyện chán phèo : | |
| 245 | 0 | |b Tuyển tập truyện trào phúng | |
| 245 | 0 | |c Lê Văn Nghĩa | |
| 260 | |a Thành phố Hồ Chí Minh | ||
| 260 | |b Trẻ | ||
| 260 | |c 2011 | ||
| 520 | |a Tập truyện là một tuyển tập những câu chuyện trào phúng được tác giả sáng tác trong vòng 30 năm qua. Truyện tuy có cũ và mới, nhưng những giá tri hiện thực thì vẫn còn tươi mới. Ta có thể gặp đâu đó những mẫu chuyện rất gần trong cuộc sống của chúng ta. Đọc "Chuyện chán phèo" để tự thư giản, tự cười cho đời vui hơn. | ||
| 650 | |a Short story,Truyện ngắn | ||
| 650 | |z Việt Nam | ||
| 904 | |i Thanh Khuyên, Quỳnh Thơ, Kim Sa | ||
| 980 | |a Trung tâm Học liệu Trường Đại học Cần Thơ | ||